The NHL Teams of Doug Gilmour - Statistics

General Stats
  • This quiz has been taken 16 times
    11 since last reset
  • The average score is 6 of 7
Answer Stats
SC Years Answer % Correct
Y 1988-1992 Calgary Flames
100%
1991-1997, 2003 Toronto Maple Leafs
100%
1998-2000 Chicago Blackhawks
91%
1996-1998 New Jersey Devils
91%
1983-1988 St. Louis Blues
91%
2000-2001 Buffalo Sabres
82%
2001-2003 Montreal Canadiens
82%
No matching quizzes found
Score Distribution
Percent of People with Each Score
Percentile by Number Answered
Your Score History
You have not taken this quiz since the last reset